LEADER 01132nam a2200253 4500 001 000000365980 003 CaOOAMICUS 005 20260116103013.0 008 260109s2025 it 000 u ita r 020 $a979-1-280-58479-3 040 $aSeMil$bita 245 00$aVolta la carta :$bstorie speciali da chi guarda il mondo con occhi diversi. 264 1$aMagenta :$bLa Memoria del Mondo Libreria Editrice,$c2025. 300 $a137 p. ;$c21 cm 650 4$aDisabili - Diari e memorie.$0(OLS)http://semarc/subject/29421 710 2 $aCentro diurno disabili Vicolo dei fiori .$0(OLS)http://semarc/name/123566 850 $aSeMil 852 $aSeMil$W1$xVenegono$y1$m3X II 312$j266105$B256771$CSeMilBibl$Z2$F256771 $81 941 1 $a7 961 $aOmaggio mons. Mario Delpini 996 $6020$a979-1-280-58479-3$9(OLS)http://semarc/number/305069 996 $6245$aVolta la carta :$bstorie speciali da chi guarda il mondo con occhi diversi$9(OLS)http://semarc/title/457670 996 $6264$aMagenta :$bLa Memoria del Mondo Libreria Editrice$9(OLS)http://semarc/publisher/62823 LEADER 01288nam a2200277 i 4500 001 000000245301 003 CaOOAMICUS 005 20151001000000.0 008 151001s2015 fr u000 u eng u 013 $a224206 020 $a978-2-85021-242-0 040 $aSeMil$bita 100 1 $aAmzallag, Nissim.$0(OLS)http://semarc/name/82523 245 10$aEsau in Jerusalem :$bthe rise of a Seirite religious elite in Zion at the Persian Period /$cNissim Amzallag. 260 $aPendé :$bGabalda,$c2015. 300 $a282 p. ;$c24 cm. 490 0 $aCahiers de la Revue biblique ;$v85 650 4$aEbrei - Storia - Cattività babilonese, 598-515 a.C.$0(OLS)http://semarc/subject/36332 650 4$aComunità ebraiche - Storia - 586 a.C.-70 d.C.$0(OLS)http://semarc/subject/42601 830 0$aCahiers de la Revue biblique ;$v85.$0(OLS)http://semarc/title/190 850 $aSeMil 852 $aSeMil$W1$xVenegono$y1$m2IA C 85$j269773$B195647$CSeMilBibl$Z2$F206326 $81 961 $aSottoscrizione: Gabalda 996 $6020$a978-2-85021-242-0$9(OLS)http://semarc/number/253823 996 $6245$aEsau in Jerusalem :$bthe rise of a Seirite religious elite in Zion at the Persian Period$9(OLS)http://semarc/title/347005 996 $6260$aPendé :$bGabalda$9(OLS)http://semarc/publisher/31586